Algebraic space curves /

Guardado en:
Autor Principal: Abhyankar, Shreeram Shankar.
Formato: Libro
Idioma:English
Publicado: Montréal : Presses de l'Université de Montréal, 1971.
Series:Séminaire de mathématiques supérieures ; 43
Materias:
Etiquetas: Agregar Etiqueta
Sin Etiquetas, Sea el primero en etiquetar este registro!
LEADER 00709nam a2200217 a 4500
001 MAT.inmabb004617
008 720915s1971####quc######b####000#0#eng##
005 20130304112722.0
245 1 0 |a Algebraic space curves /  |c by Shreeram S. Abhyankar. 
260 |a Montréal :  |b Presses de l'Université de Montréal,  |c 1971. 
300 |a 114 p. ;  |c 28 cm. 
440 0 |a Séminaire de mathématiques supérieures ;  |v 43 
504 |a Bibliografía: p. [109]-110. 
510 4 |a MR,  |c 53 #2960 
020 |a 0840501811 
100 1 |a Abhyankar, Shreeram Shankar. 
650 0 |a Curves, Algebraic. 
084 |a 14H45 (14N10)  |2 msc2000 
010 |a  72188671  
040 |a DLC  |c DLC  |d DLC 
859 |h 14  |i Ab147a  |p A-4452  |b BIB. MATEMATICA